Teknologi dan perkhidmatan katering / (Record no. 2708)

000 -LEADER
fixed length control field nam a22 a 4500
003 - CONTROL NUMBER IDENTIFIER
control field AKMAL
005 - DATE AND TIME OF LATEST TRANSACTION
control field 20170517154012.0
008 - FIXED-LENGTH DATA ELEMENTS--GENERAL INFORMATION
fixed length control field 170517s1989 my a00 may d
020 ## - INTERNATIONAL STANDARD BOOK NUMBER
International Standard Book Number 983620668X
039 #9 - LEVEL OF BIBLIOGRAPHIC CONTROL AND CODING DETAIL [OBSOLETE]
Level of rules in bibliographic description 201012141120
Level of effort used to assign nonsubject heading access points hidayah
040 ## - CATALOGING SOURCE
Original cataloging agency AKMAL
Transcribing agency AKMAL
049 ## - LOCAL HOLDINGS (OCLC)
Holding library bgkmalpma
082 04 - DEWEY DECIMAL CLASSIFICATION NUMBER
Classification number 642.4 AIS
090 00 - LOCALLY ASSIGNED LC-TYPE CALL NUMBER (OCLC); LOCAL CALL NUMBER (RLIN)
Classification number (OCLC) (R) ; Classification number, CALL (RLIN) (NR) 642.4
Local cutter number (OCLC) ; Book number/undivided call number, CALL (RLIN) AIS
090 20 - LOCALLY ASSIGNED LC-TYPE CALL NUMBER (OCLC); LOCAL CALL NUMBER (RLIN)
Classification number (OCLC) (R) ; Classification number, CALL (RLIN) (NR) 642.4
Local cutter number (OCLC) ; Book number/undivided call number, CALL (RLIN) AIS
100 ## - MAIN ENTRY--PERSONAL NAME
Personal name Aishah Hamzah
9 (RLIN) 5697
245 1# - TITLE STATEMENT
Title Teknologi dan perkhidmatan katering /
Statement of responsibility, etc. Aishah Hamzah ; editor Che Zainab binti Omar
260 ## - PUBLICATION, DISTRIBUTION, ETC.
Place of publication, distribution, etc. Kuala Lumpur :
Name of publisher, distributor, etc. Dewan Bahasa dan Pustaka,
Date of publication, distribution, etc. 1989
300 ## - PHYSICAL DESCRIPTION
Extent xii, 365ms. ;
Dimensions 25cm.
505 0# - FORMATTED CONTENTS NOTE
Formatted contents note Mengandungi soalan
650 ## - SUBJECT ADDED ENTRY--TOPICAL TERM
Topical term or geographic name entry element Caterers and catering
9 (RLIN) 5698
650 ## - SUBJECT ADDED ENTRY--TOPICAL TERM
Topical term or geographic name entry element Food service
9 (RLIN) 5699
650 ## - SUBJECT ADDED ENTRY--TOPICAL TERM
Topical term or geographic name entry element Cookery
9 (RLIN) 5700
700 0# - ADDED ENTRY--PERSONAL NAME
Personal name Che Zainab Omar
9 (RLIN) 5701
942 ## - ADDED ENTRY ELEMENTS (KOHA)
Source of classification or shelving scheme
Koha item type Book
Holdings
Withdrawn status Lost status Source of classification or shelving scheme Damaged status Not for loan Collection code Home library Current library Date acquired Inventory number Total Checkouts Full call number Barcode Date last seen Price effective from Koha item type
          NON-FICTION AKMAL Melaka AKMAL Melaka 17.05.2017 602408   642.4 AIS 201703484 17.05.2017 17.05.2017 Book
Pusat Sumber Maklumat Dato' Haji Sarmin Md Hussin, Akademi Kastam Diraja Malaysia, Melaka
Tel: 06-2331106 | Faks: 06-2313787